Simulácie - nové formy vzdelávania

Simulácie možno považovať za jednu z moderných metód participatívneho učenia, ktoré sa využívajú pri experimentálnych tréningoch. Podstata tréningových programov vychádza z predpokladov, že vzdelávanie nie je zamerané len na získavanie nových vedomostí, ale je orientované aj na získavanie alebo zdo...

Descrizione completa

Salvato in:
Dettagli Bibliografici
Autore principale: Potisková, Ingrid
Natura: Capitolo di libro
Lingua:slovacco
Soggetti:
Tags: Aggiungi Tag
Nessun Tag, puoi essere il primo ad aggiungerne!!

MARC

LEADER 00000nla$a2200000$$$4500
001 0089651
005 20240502072011.9
041 0 |a slo 
044 |a SK 
245 1 0 |a Simulácie - nové formy vzdelávania  |c Ingrid Potisková 
520 |a Simulácie možno považovať za jednu z moderných metód participatívneho učenia, ktoré sa využívajú pri experimentálnych tréningoch. Podstata tréningových programov vychádza z predpokladov, že vzdelávanie nie je zamerané len na získavanie nových vedomostí, ale je orientované aj na získavanie alebo zdokonaľovanie zručností a schopností jednotlivcov a celých skupín. Simulácia je založená na sociálnom učení prostredníctvom osobných zážitkov a skúseností. Biznis simulácie prinášajú svojim používateľom skúsenosť, výsledkom ktorej je efektívnejšie učenie v porovnaní s klasickým spôsobom výuky. Biznis simulácia "Marketplace". Hlavným cieľom simulácie je pomôcť overiť si na realistickom príklade/modeli svoje schopnosti, odhaliť prípadné slabé stránky a získať skúsenosti, za ktoré sa spravidla v reálnom živote veľmi draho platí. 
610 2 0 |a vzdelávanie elektronické 
610 2 0 |a simulácia 
100 1 |a Potisková, Ingrid